№ 51; Прикладная дискретная математика

書誌詳細
Parent link:Прикладная дискретная математика: научный журнал/ Национальный исследовательский Томский государственный университет (ТГУ). № 51.— , 2016-.— 2311-2263
言語:ロシア語
出版事項: 2021
オンライン・アクセス:http://journals.tsu.ru/pdm/&journal_page=archive&id=2082
https://elibrary.ru/contents.asp?id=44878072
フォーマット: 電子媒体 図書
KOHA link:https://koha.lib.tpu.ru/cgi-bin/koha/opac-detail.pl?biblionumber=587133

MARC

LEADER 00000nam2a2200000 4500
001 587133
005 20231101131435.0
035 |a (RuTPU)RU\TPU\prd\289725 
035 |a RU\TPU\prd\289721 
090 |a 587133 
100 |a 20220305a20169999k y0rusy50 ca 
101 0 |a rus 
102 |a RU 
181 0 |a i  
182 0 |a b 
200 0 |a № 51  |b Электронный ресурс 
203 |a Текст  |c электронный 
210 |d 2021 
461 1 |0 (RuTPU)RU\TPU\prd\281015  |x 2311-2263  |t Прикладная дискретная математика  |o научный журнал  |f Национальный исследовательский Томский государственный университет (ТГУ)  |v № 51  |d 2016- 
801 0 |a RU  |b 63413507  |c 20010227  |g PSBO 
801 1 |a RU  |b 63413507  |c 20160324 
801 2 |a RU  |b 63413507  |c 20220305  |g RCR 
856 4 0 |u http://journals.tsu.ru/pdm/&journal_page=archive&id=2082 
856 4 0 |u https://elibrary.ru/contents.asp?id=44878072 
942 |c BK